000 00760nam a2200229 a 4500
001 BRCA_8023
005 20190320210111.0
008 210314s1910----mx-a###f##---#000-0#ger-#
041 _ager
044 _amx
050 4 _aF1213
_b.H9
_c1910
100 1 _aHumboldt, Alexander von
_919930
245 1 0 _aHumboldt = Festschritt : México 1910
_cAlexander von Humboldt.
260 _aMéxico
_bMüller Hnos.
_c1910
300 _a1 v. (en varias paginaciones)
_bil.
_c31 cm.
500 _a3165
500 _aCinco ejemplares iguales amarrados en una sola foja inventariados como un sólo libro por el Banco de México
651 4 _aMéxico
_vHistoria
_y1910
_919931
651 4 _aMéxico
_vExpediciones científicas
_y1910
_919932
902 _aGFM
942 _2lcc
_cB
999 _c7692
_d7692